banner koha

Performance on tolerance of the AL Bandeirantes maize cultivar under salt stress (Registro n. 331401)

MARC details
000 -LÍDER
fixed length control field 04096nab a2200337 i 4500
003 - CÓDIGO MARC DA AGÊNCIA CATALOGADORA
Campo de controle BR-BrBNA
005 - DATA E HORA DA ÚLTIMA ATUALIZAÇÃO
Campo de controle 20250509132012.0
008 - CAMPO DE TAMANHO FIXO
fixed length control field 250509b2016 bl.qr|pooa||| 00| 0 eng |
040 ## - FONTE DA CATALOGAÇÃO
Agência catalogadora BR-BrBNA
Idioma da catalogação eng
072 ## - CATEGORIA AGRIS
Código AGRIS H50
Código do objeto 0120
072 ## - CATEGORIA AGRIS
Código AGRIS F60
100 ## - ENTRADA PRINCIPAL - NOME PESSOAL
Nome pessoal Santos, Ricardo Gonçalves
100 ## - ENTRADA PRINCIPAL - NOME PESSOAL
Nome pessoal Albuquerque, Cynthia Cavalcanti de
100 ## - ENTRADA PRINCIPAL - NOME PESSOAL
Nome pessoal Paiva, Dayane Carla Costa
100 ## - ENTRADA PRINCIPAL - NOME PESSOAL
Nome pessoal Oliveira, Francisco Fábio Mesquita
100 ## - ENTRADA PRINCIPAL - NOME PESSOAL
Nome pessoal Ragagnin, Roberto Carlos Grillo
100 ## - ENTRADA PRINCIPAL - NOME PESSOAL
Nome pessoal Cipriano, Aline Kelly de Aquino Lima
245 ## - TÍTULO PRINCIPAL
Título principal Performance on tolerance of the AL Bandeirantes maize cultivar under salt stress
500 ## - NOTA GERAL
Nota geral <br/><br/>Publicação online; 31 ref.; 2 tables; 2 illus.; Summaries (En, Pt)
942 ## - ADDED ENTRY ELEMENTS (KOHA)
Koha item type Analítica
520 ## - NOTA DE RESUMO
Nota de conteúdo <br/><br/><br/>Abstract: The maize (Zea mays L., Poaceae) is a high productivity plant, but its agricultural yield is compromised in areas with soil salinity problems. This study aimed to evaluate the performance of maize plants (AL Bandeirantes cultivar) submitted to different levels of salinity. The experiment was conducted in greenhouse conditions under completely randomized design, with 4 treatments (0, 50, 100 and 150 mM of NaCl). An additional group of plants was not exposed to NaCl (control). The plants were evaluated for height, root volume, shoot and root dry weight, shoot/root ratio, relative water content and proline concentration in leaves. The NaCl reduced the dry weight and the root volume in comparison with that observed for the control. The plants height was affected only after 21 days of exposure to salt stress, while no significant difference in relative water content was observed among treatments. The proline accumulation was expressive in the plants treated with 150 mM of NaCl, indicating a mechanism for regulating osmotic. Salt stress did not affect the survival of the AL Bandeirantes cultivar, as was observed by plants development at all concentrations applied. <br/><br/><br/>Key words: Zea mays L., Salinity, Sodium chloride
520 ## - NOTA DE RESUMO
Nota de conteúdo <br/><br/><br/>Resumo: O milho (Zea mays L., Poaceae) é uma planta de alta produtividade, mas o seu rendimento agrícola é comprometido em áreas com problemas de salinidade do solo. Este estudo teve como objetivo avaliar o desempenho de plantas de milho (cultivar AL Bandeirantes) submetidas a diferentes níveis de salinidade. O experimento foi conduzido em condições de casa de vegetação sob delineamento inteiramente casualizado, com 4 tratamentos (0, 50, 100 e 150 mM de NaCl). Um grupo adicional de plantas não foi exposto ao NaCl (controle). As plantas foram avaliadas quanto à altura, volume radicular, peso seco dos brotos e raízes, razão parte aérea/raiz, teor relativo de água e concentração de prolina nas folhas. O NaCl reduziu o peso seco e o volume radicular em comparação com o observado no controle. A altura das plantas foi afetada somente após 21 dias de exposição ao estresse salino, enquanto que no teor relativo de água não foi observada diferença significativa entre os tratamentos. O acúmulo de prolina foi expressivo nas plantas tratadas com 150 mM de NaCl, indicando um mecanismo de regulação osmótica. O estresse salino não afetou a sobrevivência da cultivar AL Bandeirantes, como foi observado pelo desenvolvimento das plantas em todas as concentrações aplicadas. <br/><br/><br/>Palavras-chave: Zea mays L., Salinidade, Cloreto de sódio
650 ## - ASSUNTO - THESAGRO
Cabeçalho tópico ou nome geográfico MILHO
650 ## - ASSUNTO - THESAGRO
Cabeçalho tópico ou nome geográfico CRESCIMENTO
650 ## - ASSUNTO - THESAGRO
Cabeçalho tópico ou nome geográfico SALINIDADE
650 ## - ASSUNTO - THESAGRO
Cabeçalho tópico ou nome geográfico STRESS
650 ## - ASSUNTO - THESAGRO
Cabeçalho tópico ou nome geográfico FISIOLOGIA VEGETAL
773 0# - ENTRADA ANALÍTICA
Host Biblionumber 3583
Registro do item 350104
Imprenta Cruz das Almas-BA Universidade Federal da Bahia - Escola de Agronômia 1983
Outro identificador 2025-2712
Título Magistra (Brazil)
ISSN 0102-5333
Colação v. 28(3-4) p. 352-359; (2016)
Número de controle de registro BR2025000982
856 ## - ACESSO E ENDEREÇO ELETRÔNICO
Identificador uniforme de recurso - URI https://periodicos.ufrb.edu.br/index.php/magistra/article/view/3802/2098

Nenhum exemplar disponível.

BINAGRI

Telefone: (61)3218-2567/2388/3357/2097 - binagri@agro.gov.br

Ministério da Agricultura e Pecuária , Esplanada dos Ministérios, Bloco D, Anexo B, Brasília/DF, CEP: 70.043-900